Guess the Taylor Swift song with no hints #2 - Statistics

General Stats
  • This quiz has been taken 91 times
  • The average score is 219 of 344
Answer Stats
Lyric % Correct
I
100%
the
99%
a
96%
you
96%
love
95%
me
92%
And
90%
be
90%
in
89%
my
89%
My
89%
it
86%
on
86%
your
86%
to
85%
we
85%
So
82%
what
82%
What
82%
like
81%
that
79%
then
75%
dont
74%
would
74%
of
73%
see
71%
as
70%
But
70%
could
68%
At
67%
never
67%
With
67%
up
63%
cant
62%
from
62%
out
60%
feel
59%
know
59%
had
58%
will
55%
Cause
53%
Eyes
53%
rush
52%
gold
51%
into
51%
day
48%
touch
48%
die
47%
hair
47%
life
47%
red
47%
seen
47%
wants
47%
almost
45%
call
45%
Everybody
45%
face
45%
must
45%
place
45%
door
44%
pure
44%
anyone
42%
beautiful?
42%
dominos
42%
falling
42%
feels
42%
grow
42%
jump
42%
'til
42%
wonders
42%
about
41%
beautiful?
41%
dream
41%
mind
41%
Walk
41%
flush
40%
folklore
38%
inviting
38%
'round
38%
Ships
38%
wont
38%
old
37%
past
37%
sinking
37%
t-shirt
37%
waters
37%
brush
36%
crush
36%
dinner
36%
double
36%
eagles
36%
hanging
36%
parties
36%
quick
36%
shit
36%
town
36%
turns
36%
vision
36%
blush
34%
bone
34%
Twinkling
34%
anymore
33%
fades
33%
gray
33%
motion
33%
slow
33%
tea
33%
contrarian
32%
flying
32%
coastal
30%
dare
30%
Gleaming
30%
rose
30%
anticipating
29%
wooden
29%
'cross
27%
floors
27%
Everybody
26%
padding
25%
wandered
21%
found
19%
No matching quizzes found
Score Distribution
Percent of People with Each Score
Percentile by Number Answered
Your Score History
You have not taken this quiz